01206 2200373 4500001002100000005001500021035002000036007000300056008004100059020002200100040002200122082001500144084001700159090002100176090002200197245012000219250002600339300003800365440002600403500007600429650001200505650001300517700002300530700003500553850001200588041000800600110007600608264003000684336002100714337003000735338002300765999002200788990002200810INLIS00000000084995120190730083416 a0010-0719000952ta190730s2019 yoia f ind d a978-979-21-6119-9 aYOPDYOGbinderda04223a264.36 a264.36 KOM l aDEP 264.36 KOM l aCB-D.11 2019-100610aLiturgi dan ekaristi /cKomisi Liturgi Keuskupan Agung Semarang; penyunting, Marcel; ilustrator, Bambang Shakuntala aCetakan pertama, 2019 a232 halaman :bilustrasi ;c19 cm aSeri Katekese Liturgi adi terbitkan bekerjasama dengan Komisi Liturgi Keuskupan Agung Semarang 4aLiturgi 4aEkaristi0 aMarcelepenyunting0 aBambang Shakuntalaeilustrator aYOPDYOG0 aind2 aKomisi Liturgi Keuskupan Agung SemarangeKomisi Liturgi Keuskupan Agung 1aSleman :bKanisius,c2019 2rdacontentateks 2rdamediaatanpa perantara 2rdacarrieravolume aCB-D.11/2019-1006 aCB-D.11/2019-1006